书目信息 |
| 题名: |
注册土木工程师(岩土)专业考试辅导教程
|
|
| 作者: | 高大钊 , 李镜培 编著 | |
| 分册: | ||
| 出版信息: | 上海 同济大学出版社 2003.06 |
|
| 页数: | 607页 | |
| 开本: | 26cm | |
| 丛书名: | ||
| 单 册: | ||
| 中图分类: | TU , TU-43 | |
| 科图分类: | ||
| 主题词: | 土木工程--工程技术人员--资格考核--自学参考资料 , 岩土工程--工程技术人员--资格考核--自学参考资料 | |
| 电子资源: | ||
| ISBN: | 7-5608-2654-7 | |
| 000 | 00807nam0 2200241 45 | |
| 001 | 012004000000 | |
| 005 | 20050114101846.28 | |
| 010 | @a7-5608-2654-7@dCNY 78.00 | |
| 100 | @a20041101d2003 em y0chiy0121 ea | |
| 101 | 0 | @achi |
| 102 | @aCN@b310000 | |
| 105 | @aak z 000yy | |
| 200 | 1 | @a注册土木工程师(岩土)专业考试辅导教程@Azhu ce tu mu gong cheng shi yan tu zhuan ye kao shi fu dao jiao cheng@f高大钊, 李镜培主编 |
| 210 | @a上海@c同济大学出版社@d2003.06 | |
| 215 | @a607页@c图, 表格@d26cm | |
| 606 | 0 | @a土木工程@x工程技术人员@x资格考核@j自学参考资料 |
| 606 | 0 | @a岩土工程@x工程技术人员@x资格考核@j自学参考资料 |
| 690 | @aTU@v4 | |
| 690 | @aTU-43@v3 | |
| 701 | 0 | @a高大钊@Agao da zhao@4编著 |
| 701 | 0 | @a李镜培@Ali jing pei@4编著 |
| 801 | 0 | @aCN@bQSSK@c20050114 |
| 905 | @a10447@dTU-43@eG100 | |
| 注册土木工程师(岩土)专业考试辅导教程/高大钊, 李镜培主编.-上海:同济大学出版社,2003.06 |
| 607页:图, 表格;26cm |
| ISBN 7-5608-2654-7:CNY 78.00 |
| ● |
| 相关链接 |
|
|
|
正题名:注册土木工程师(岩土)专业考试辅导教程
索取号:TU-43/G100
 
预约/预借
| 序号 | 登录号 | 条形码 | 馆藏地/架位号 | 状态 | 备注 |
| 1 | 437756 | 204377566 | 建筑库101/101建筑库 11排1列5层/ [索取号:TU-43/G100] | 在馆 | |
| 2 | 437757 | 204377575 | 建筑库101/101建筑库 11排1列5层/ [索取号:TU-43/G100] | 在馆 | |
| 3 | 437758 | 204377584 | 建筑库101/101建筑库 11排1列5层/ [索取号:TU-43/G100] | 在馆 |